Character and citizenship through student government /

Bibliographic Details
Main Author: Wyman, Lillian Kennedy
Format: Book
Language:English
Published: Philadelphia, Chicago [etc.] : The John C. Winston company, [1935]
Subjects:

MARC

Tag First Indicator Second Indicator Subfields
LEADER 00000cam a2200000 4500
001 in00000079389
005 20151008052838.0
008 770715s1935 pau b 00000 eng
010 |a  35011149  
035 |a (OCoLC)03118073 
035 |9 AAH5142AM 
040 |a DLC  |c OCP  |d TXA  |d UtOrBLW 
049 |a TXAM  |c [58728] 
050 0 0 |a LB3095.P4  |b W9 
082 0 |a 371.590974811 
092 |a 371.59  |b W984c 
100 1 |a Wyman, Lillian Kennedy. 
245 1 0 |a Character and citizenship through student government /  |c by Lillian Kennedy Wyman. 
264 1 |a Philadelphia,  |a Chicago [etc.] :  |b The John C. Winston company,  |c [1935] 
264 4 |c [©1935] 
300 |a 3 pages ., v-xvi, 173 pages :  |b frontispiece ;  |c 21 cm. 
336 |a text  |b txt  |2 rdacontent 
337 |a unmediated  |b n  |2 rdamedia 
338 |a volume  |b nc  |2 rdacarrier 
500 |a "[A record of] the methods and results of actual experiments during twenty years of student government in the William Penn high school."--Foreword. 
504 |a "Good books for student government (for advisers and home rooms)": pages 167-169. 
610 1 0 |a Philadelphia.  |b William Penn High School for Girls.  |b Students Association. 
650 0 |a Student government. 
740 0 |a Student government. 
999 |a MARS 
999 f f |s fc03d35c-be0f-3279-96b8-1d0de31d7cf1  |i 298679de-5cc4-3003-bdff-7f62e561f70b  |t 0 
952 f f |p ric  |a Texas A&M University  |b Rellis Campus  |c Joint Library Facility  |d Remote Storage  |t 0  |e LB3095.P4 W9  |h Library of Congress classification  |i unmediated -- volume  |m A14800843138 
998 f f |a LB3095.P4 W9  |t 0  |l Remote Storage